00375nam a2200145Ia 4500008004100000020001300041041000800054082001600062100002100078245003400099250000600133260006100139300000700200650002200207210716s2005 xx 000 0 und d a74515233 aeng a158.39 ANDS aAndrews, Sudhir. aHow to succeed at interviews. a1 aNew DelhibTata McGraw Hill Publishing Company Ltdc2005 a91 aGeneral Knowledge